Bacon

Furkejuvvon:
Bibliográfalaš dieđut
Váldodahkki: Rothenstein, John (Dahkki)
Materiálatiipa: Girji
Giella:espánnjágiella
Almmustuhtton: Buenos Aires Viscontea 1983
Preanttus:2a. ed
Ráidu:Los Grandes Pintores, 40
Fáttát:
Fáddágilkorat: Lasit fáddágilkoriid
Eai fáddágilkorat, Lasit vuosttaš fáddágilkora!

MARC

LEADER 00000cam a2200000 a 4500
001 UCE0887
003 CL-VaPUC
008 140317e19830000ag |||||||||||||||||spa|d
082 0 4 |a 759.29  |b ROT  |2 21 
100 0 |a Rothenstein, John  |e author  |9 573266 
245 1 0 |a Bacon 
250 |a 2a. ed 
300 |a 16 p 
942 |c BK 
945 |d 20140317 10:17:00  |a cmena 
260 |a Buenos Aires  |b Viscontea  |c 1983 
600 0 7 |a BACON, FRANCIS  |2 CL-VaPUC  |9 334502 
650 7 |a PINTORES IRLANDESES  |2 CL-VaPUC  |9 460002 
650 7 |a EXPRESIONISMO  |2 CL-VaPUC  |9 268711 
583 |a last modification  |c 20140317 10:17:00  |k Rodrigo Vera 
490 0 |a Los Grandes Pintores, 40 
999 |c 354892  |d 354890 
952 |0 0  |1 0  |3 erb  |4 0  |6 759_290000000000000_ROT_1983  |7 0  |8 A  |9 461117  |a BIBART  |b BIBART  |i 5004330  |o 759.29 ROT 1983  |p 5004330  |r 2025-03-13  |w 2019-11-23  |y BK  |z Catalogado en:20140317  |k ART